000 00623nam a2200253 a 4500
003 AR-BaBNM
005 20251128204450.0
008 082120s2002 ||||||||||||||000 | spa||
020 _a950-13-9066-7
040 _cAR-BaBNM
100 1 _aKühnemann, Ursula
245 0 0 _aUn cumpleaños infantil
260 _aBuenos Aires
_bKapelusz
_c1975
300 _a76 p.
_bil.
490 0 _aCómo hacer
650 4 _aJUEGO
650 4 _aJUEGOS INFANTILES
650 4 _aACTIVIDADES RECREATIVAS
650 4 _aACTIVIDADES FUERA DE PROGRAMA
650 4 _aTIEMPO LIBRE
650 4 _aNIÑEZ
942 _cBK
998 _cEnrique
999 _c7528
_d7528